Statistics for indiana pacers retired numbers

Click here to take the quiz!

General Stats

  • This quiz has been taken 291 times
  • The average score is 2 of 5

Answer Stats

numberanswers% Correct
31reggie miller
99%
30george mcginnis
26%
34mel daniels
17%
529bobby leonard
14%
35roger brown
12%

Score Distribution

Percentile by Number Answered

Percent of People with Each Score

Your Score History

You have not taken this quiz